Managing information : (Record no. 184511)
[ view plain ]
| 000 -LEADER | |
|---|---|
| fixed length control field | 01086 a2200241 4500 |
| 003 - CONTROL NUMBER IDENTIFIER | |
| control field | Nust |
| 005 - DATE AND TIME OF LATEST TRANSACTION | |
| control field | 20230118114634.0 |
| 010 ## - LIBRARY OF CONGRESS CONTROL NUMBER | |
| LC control number | 93198935 |
| 020 ## - INTERNATIONAL STANDARD BOOK NUMBER | |
| International Standard Book Number | 0750606673 |
| 040 ## - CATALOGING SOURCE | |
| Transcribing agency | Nust |
| 082 00 - DEWEY DECIMAL CLASSIFICATION NUMBER | |
| Classification number | 658.4,WIL |
| 100 1# - MAIN ENTRY--PERSONAL NAME | |
| Personal name | Wilson, David A., |
| 9 (RLIN) | 106952 |
| 245 10 - TITLE STATEMENT | |
| Title | Managing information : |
| Remainder of title | for continual improvement / |
| Statement of responsibility, etc. | David A. Wilson. |
| 260 ## - PUBLICATION, DISTRIBUTION, ETC. | |
| Place of publication, distribution, etc. | Oxford ; |
| -- | Boston : |
| Name of publisher, distributor, etc. | Butterworth-Heinemann, |
| Date of publication, distribution, etc. | c1993. |
| 300 ## - PHYSICAL DESCRIPTION | |
| Extent | ix, 149 p. : |
| Other physical details | ill. ; |
| Dimensions | 24 cm. |
| 440 #0 - SERIES STATEMENT/ADDED ENTRY--TITLE | |
| Title | Institute of Management series |
| 9 (RLIN) | 106953 |
| 505 ## - FORMATTED CONTENTS NOTE | |
| Formatted contents note | The difference information can make (Page-1), How Organizations handle information (Page-16), Information and Personnel Effectiveness (Page-38), Computers programs and Communications (Page-79), Mounding the systems to your Need (Page-105), Information around the World and into the future (Page-123). |
| 650 #0 - SUBJECT ADDED ENTRY--TOPICAL TERM | |
| Topical term or geographic name entry element | Information resources management. |
| 9 (RLIN) | 12474 |
| 650 #0 - SUBJECT ADDED ENTRY--TOPICAL TERM | |
| Topical term or geographic name entry element | Information storage and retrieval systems |
| General subdivision | Business. |
| 9 (RLIN) | 44499 |
| 650 #0 - SUBJECT ADDED ENTRY--TOPICAL TERM | |
| Topical term or geographic name entry element | Management information systems. |
| 710 2# - ADDED ENTRY--CORPORATE NAME | |
| Corporate name or jurisdiction name as entry element | Institute of Management (Great Britain) |
| 9 (RLIN) | 106954 |
| 942 ## - ADDED ENTRY ELEMENTS (KOHA) | |
| Source of classification or shelving scheme | |
| Koha item type | Book |
| Withdrawn status | Lost status | Source of classification or shelving scheme | Damaged status | Not for loan | Permanent Location | Current Location | Shelving location | Date acquired | Full call number | Barcode | Date last seen | Price effective from | Koha item type | Public note |
|---|---|---|---|---|---|---|---|---|---|---|---|---|---|---|
| Military College of Signals (MCS) | Military College of Signals (MCS) | General Stacks | 12/12/2016 | 658.4,WIL | MCS26590 | 12/08/2016 | 12/12/2016 | Book | Amirah No.42, Shelf No.6 |
